[Event "Prague Mladi-A"]
[Site "Prague"]
[Date "1988.??.??"]
[Round "2"]
[White "Brdicko, Petr"]
[Black "Pribyl, Josef"]
[Result "1-0"]
[WhiteElo "2235"]
[BlackElo "2435"]

1.e4 d6 2.d4 Nf6 3.Nc3 c6 4.a4 Nbd7 5.Nf3 e5 6.Bc4 Be7 7.O-O O-O 8.h3 Qc7
9.Bb3 b6 10.Qe2 Bb7 11.Be3 a6 12.Nd2 b5 13.f4 Rfe8 14.fxe5 dxe5 15.d5 bxa4
16.Rxa4 Nb6 17.Bxb6 Qxb6+ 18.Kh1 cxd5 19.Nxd5 Qd8 20.Nf3 Nxd5 21.exd5 Bd6
22.Nd2 Qc7 23.Ne4 Rad8 24.Qg4 Re7 25.Nf6+ Kh8 26.Qh4 h6 27.Qe4 gxf6 28.Rxf6 Rg8
29.Rxh6+ Kg7 30.Qh7+ Kf8 31.Qxg8+  1-0

[Event "ROM-ch"]
[Site "Predeal"]
[Date "1988.??.??"]
[Round "14"]
[White "Navrotescu, Catalin"]
[Black "Marasescu, Ioan"]
[Result "1/2-1/2"]
[WhiteElo "2335"]
[BlackElo "2350"]

1.d4 d6 2.e4 Nf6 3.Nc3 c6 4.Nf3 Bg4 5.Be2 Nbd7 6.O-O e5 7.a4 a5 8.Be3 Be7
9.Nd2 Bxe2 10.Qxe2 O-O 11.f4 Re8 12.Qf3 Qc7 13.g4 exd4 14.Bxd4 Nf8 15.Kh1 d5
16.exd5  1/2-1/2

[Event "Salamanca"]
[Site "Salamanca"]
[Date "1988.??.??"]
[Round "3"]
[White "Garcia, Gildardo"]
[Black "Andruet, Gilles"]
[Result "1-0"]
[WhiteElo "2430"]
[BlackElo "2430"]

1.e4 d6 2.d4 Nf6 3.Nc3 c6 4.Nf3 Bg4 5.h3 Bh5 6.Be2 e6 7.O-O Be7 8.Nd2 Bxe2
9.Nxe2 d5 10.e5 Nfd7 11.c4 dxc4 12.Nxc4 Nb6 13.Qc2 Nxc4 14.Qxc4 Nd7 15.Nf4 Nb6
16.Qd3 g6 17.Qe4 Qd7 18.a4 a5 19.Bd2 O-O 20.Rfd1 Rfd8 21.Qf3 Qc7 22.Qg4 Kh8
23.h4 Nd5 24.Nh3 h5 25.Qe4 Kg7 26.Ng5 Rd7 27.Qf3 Rf8 28.g3 Qb6 29.Ne4 Qxb2
30.Bxa5 Ra8 31.Bd2 Qb6 32.a5 Qd8 33.Rab1 Qf8 34.Rb4 Ra7 35.Rf1 Qa8 36.Qg4 Qh8  1-0

[Event "Tatran Cup"]
[Site "Stary Smokovec"]
[Date "1988.??.??"]
[Round "5"]
[White "Damjanovic, Mato"]
[Black "Pribyl, Josef"]
[Result "1/2-1/2"]
[WhiteElo "2325"]
[BlackElo "2435"]

1.e4 d6 2.d4 Nf6 3.Nc3 c6 4.Bg5 Qa5 5.Qd2 h6 6.Bxf6 exf6 7.O-O-O Be7 8.Kb1 O-O
9.Nd5 Qd8 10.Nxe7+ Qxe7 11.Bd3 c5 12.Ne2 Nc6 13.dxc5 dxc5 14.Nc3 Be6 15.Nd5 Qd8
16.Qc3 Qa5 17.Qxa5 Nxa5 18.c3 Rfd8 19.Be2 Kf8 20.Ne3  1/2-1/2

[Event "Tatran Cup"]
[Site "Stary Smokovec"]
[Date "1988.??.??"]
[Round "7"]
[White "Vasiukov, Evgeni"]
[Black "Pribyl, Josef"]
[Result "0-1"]
[WhiteElo "2485"]
[BlackElo "2435"]

1.e4 d6 2.d4 Nf6 3.Nc3 c6 4.Nf3 Bg4 5.Be2 e6 6.O-O Be7 7.Ng5 Bxe2 8.Qxe2 h6
9.Nf3 d5 10.e5 Nfd7 11.Bf4 Qb6 12.Rab1 Qa6 13.Qd1 c5 14.dxc5 Bxc5 15.b4 Be7
16.b5 Qa5 17.Nxd5 exd5 18.e6 fxe6 19.Nd4 O-O 20.Nxe6 Nf6 21.Nxf8 Bxf8 22.c4 Qxa2
23.cxd5 Qxd5 24.Qc2 Nbd7 25.Rfd1 Qf7 26.Bd6 Nb6 27.Bxf8 Rxf8 28.Qb3 Ne4 29.f3 Qxb3
30.Rxb3 Nc5 31.Rb4 Rf5 32.Ra1 Nc8 33.h4 Rd5 34.Kh2 b6 35.Kg3 Nb7 36.Rc1 Rc5
37.Re1 Nbd6 38.Reb1 Ne7 39.Kh3 Nd5 40.R4b3 Nc3 41.Re1 Kf7 42.g4 Ndxb5 43.Rb4 Nd5
44.Rbe4 Nd6 45.Rd4 Nc8 46.h5 Nce7 47.Kg3 b5 48.Re5 a5 49.Rf4+ Ke8 50.g5 Rc1
51.gxh6 gxh6 52.Rd4 Rc5 53.Rde4 Kd7 54.Rg4 b4 55.Rg6 b3 56.Rb6 Nxb6 57.Rxc5 a4  0-1

[Event "Tatran Cup"]
[Site "Stary Smokovec"]
[Date "1988.??.??"]
[Round "8"]
[White "Vasiukov, Evgeni"]
[Black "Vokac, Marek"]
[Result "1/2-1/2"]
[WhiteElo "2485"]
[BlackElo "2450"]

1.e4 d6 2.d4 Nf6 3.Nc3 c6 4.Nf3 Bg4 5.Be2 e6 6.Ng5 Bxe2 7.Qxe2 Be7 8.f4 d5
9.e5 Ng8 10.Qh5 g6 11.Qh3 Qb6 12.Qd3 Qa6 13.Nf3 h5 14.Be3 Nh6 15.Rf1 Nf5
16.Bf2 Qa5 17.Nd2 Nd7 18.Nb3 Qb6 19.g3 a5 20.a4 Bb4 21.Nd2 Qa6 22.Qxa6 Rxa6
23.Ne2 f6 24.c3 Be7 25.Nf3 fxe5 26.Nxe5 Nxe5 27.dxe5 c5 28.Kd1 Kf7 29.Kc2 Rb8
30.h3 b5 31.g4 Ng7 32.axb5 Rxb5 33.Ra2 Ra8 34.Be1 hxg4 35.hxg4 Rh8 36.c4 dxc4
37.Rxa5 Rxa5 38.Bxa5 Rh2 39.Kd1 Bh4 40.Bc7 Bf2 41.Ba5 Bd4 42.Bc3 Rg2 43.Bxd4 cxd4
44.Rg1 Rh2 45.Nxd4 Rxb2 46.Rg3 Ne8 47.Rh3 Rg2 48.Ra3 Ng7 49.Ra7+ Kg8 50.Ra8+ Kf7
51.Nf3 Rxg4 52.Ng5+ Ke7 53.Ra7+ Ke8 54.Rxg7 Rxf4 55.Ke2 c3 56.Rc7 Rf5 57.Nf3 g5  1/2-1/2

[Event "Tatran Cup"]
[Site "Stary Smokovec"]
[Date "1988.??.??"]
[Round "11"]
[White "Tibensky, Robert"]
[Black "Vokac, Marek"]
[Result "1/2-1/2"]
[WhiteElo "2400"]
[BlackElo "2450"]

1.d4 d6 2.e4 Nf6 3.Nc3 c6 4.g3 e5 5.Bg2 Be7 6.Nge2 O-O 7.a4 a5 8.O-O Re8
9.h3 Nbd7 10.b3 h6 11.Bb2  1/2-1/2

[Event "Rilton Cup"]
[Site "Stockholm"]
[Date "1988.??.??"]
[Round "?"]
[White "Tisdall, Jonathan D"]
[Black "Hausner, Ivan"]
[Result "1/2-1/2"]
[WhiteElo "2460"]
[BlackElo "2435"]

1.d4 d6 2.e4 Nf6 3.Nc3 c6 4.f4 Qa5 5.Bd3 e5 6.dxe5 dxe5 7.f5 Nbd7 8.Nf3 b5
9.Nd2 Qc7 10.Qf3 Bb7  1/2-1/2

[Event "Rilton Cup"]
[Site "Stockholm"]
[Date "1988.??.??"]
[Round "?"]
[White "Astrom, Goran"]
[Black "Rivas Pastor, Manuel"]
[Result "1/2-1/2"]
[WhiteElo "2200"]
[BlackElo "2505"]

1.e4 d6 2.d4 Nf6 3.Nc3 c6 4.Nf3 Bg4 5.Bg5 Nbd7 6.Be2 e5 7.O-O Be7 8.dxe5 dxe5
9.Bxf6 Bxf6 10.Nd2 Bxe2 11.Qxe2 O-O 12.Nd1 Bg5 13.Nf3 h6 14.Ne3 Bxe3 15.Qxe3  1/2-1/2

[Event "DDR-ch 37th"]
[Site "Stralsund"]
[Date "1988.??.??"]
[Round "12"]
[White "Knaak, Rainer"]
[Black "Casper, Thomas"]
[Result "1-0"]
[WhiteElo "2525"]
[BlackElo "2420"]

1.d4 d6 2.e4 Nf6 3.Nc3 c6 4.Nf3 Bg4 5.h3 Bh5 6.Bd3 Qa5 7.g4 Bg6 8.Bd2 e5
9.Nd5 Qd8 10.Nxf6+ Qxf6 11.Bg5 Qe6 12.dxe5 h5 13.exd6 hxg4 14.Nd4 Qxd6 15.Qxg4 Nd7
16.Nb3 Qe5 17.c3 Nf6 18.Bxf6 Qxf6 19.Bc4 Rd8 20.Be2 Qe5 21.Nd2 Be7 22.f4 Qc5
23.O-O-O Qf2 24.h4 Bxe4 25.Nxe4 Qe3+ 26.Nd2 Rh6 27.Rh3  1-0

[Event "URS Cup rapid"]
[Site "Tallinn"]
[Date "1988.??.??"]
[Round "6"]
[White "Sveshnikov, Evgeny"]
[Black "Gavrikov, Viktor"]
[Result "1/2-1/2"]
[WhiteElo "2450"]
[BlackElo "2545"]

1.e4 d6 2.d4 Nf6 3.Nc3 c6 4.f4 Qa5 5.Bd3 e5 6.dxe5 dxe5 7.f5 Nbd7 8.Bd2 Qc7
9.Qf3 Nc5 10.Be2 b5 11.a3 a5 12.Nh3 Bb7 13.Nf2 Rd8 14.Be3 b4 15.axb4 axb4
16.Ncd1 b3 17.c3 Be7 18.O-O O-O 19.g4 h6 20.h4 Nh7 21.Bc4 Ra8 22.Rxa8 Bxa8
23.f6 Nxf6 24.g5 Nd5 25.gxh6 g6 26.Bxc5 Bxc5 27.Bxd5 Qd8 28.Bxb3 Qxh4 29.Kg2 Kh7
30.Bxf7 Be7 31.Ne3 Bb7 32.Nfg4 Ba6 33.Rf2 Bd3 34.Rd2 Bxe4 35.Qxe4 Rxf7 36.Rd7 Qe1
37.Nf6+ Kh8  1/2-1/2

[Event "Thessaloniki ol (Women)"]
[Site "Thessaloniki"]
[Date "1988.??.??"]
[Round "?"]
[White "Foster, Fenella"]
[Black "Mira, Helene"]
[Result "0-1"]
[WhiteElo "2005"]
[BlackElo "2175"]

1.e4 d6 2.d4 Nf6 3.Nc3 c6 4.f4 Qa5 5.Bd3 e5 6.Nf3 Nbd7 7.O-O exd4 8.Nxd4 Nc5
9.e5 Nxd3 10.exf6 Nxc1 11.Re1+ Kd8 12.Rxc1 gxf6 13.Kh1 Bd7 14.Nb3 Qf5 15.Qd2 Rg8
16.Ne4 Kc7 17.Rcd1 Re8 18.Ng3 Rxe1+ 19.Rxe1 Qb5 20.Qd4 Rg6 21.Qxa7 Qb6 22.Qa4 d5
23.Qd4 Bd6 24.Rf1 Qa6 25.Re1 Qb6 26.Rf1 Qb5 27.Rd1 h5 28.Re1 h4 29.Nh5 Qb6
30.Qxb6+ Kxb6 31.h3 Bf5 32.Nd4 Be4 33.Re2 f5 34.Kh2 Rg5 35.Nf6 Bxf4+ 36.Kg1 Bd6
37.a3 Ka6 38.Nb3 Kb6 39.Kf1 Kc7 40.Ne8+ Kd7  0-1

[Event "Thessaloniki ol (Women)"]
[Site "Thessaloniki"]
[Date "1988.??.??"]
[Round "?"]
[White "Lalic, Susan"]
[Black "Muresan, Margareta"]
[Result "0-1"]
[WhiteElo "2340"]
[BlackElo "2250"]

1.e4 d6 2.d4 Nf6 3.Nc3 c6 4.Be3 Qb6 5.Rb1 Ng4 6.Bg5 e5 7.Be2 Nxf2 8.Kxf2 exd4
9.Na4 Qa5 10.Bd2 Qxa4 11.b3 Qa3 12.b4 Be6 13.Nf3 Be7 14.Nxd4 Bxa2 15.Ra1 Qb2
16.c3 Bf6 17.Be3  0-1

[Event "Thessaloniki ol (Men)"]
[Site "Thessaloniki"]
[Date "1988.??.??"]
[Round "1"]
[White "Abdullah, M."]
[Black "Mortensen, Erling"]
[Result "0-1"]
[WhiteElo "2225"]
[BlackElo "2470"]

1.e4 d6 2.d4 Nf6 3.Nc3 c6 4.f3 b5 5.Bd3 e5 6.dxe5 dxe5 7.Be3 Nbd7 8.Qd2 Bc5
9.Nd1 O-O 10.Ne2 Qb6 11.O-O a5 12.Kh1 Rd8 13.Bxc5 Nxc5 14.Qe3 Qa7 15.Nf2 Be6
16.b3 h6 17.Rad1 a4 18.g4 Nh7 19.Kg2 Qe7 20.Rh1 axb3 21.axb3 Ra2 22.Nc3 Raa8
23.Ra1 Nf8 24.Rxa8 Rxa8 25.Ne2 Ng6 26.Kg3 Nh4 27.Rd1 g5 28.Rh1 Ng6 29.Kg2 Ra2
30.Rb1 Qd6 31.Kf1 Nf4 32.Nxf4 exf4 33.Qe1 Nxd3 34.Qd2 Qc5 35.Nxd3 Qxc2 36.Qxc2 Rxc2
37.Rc1 Bxb3 38.Rxc2 Bxc2 39.Nb4 Bb3  0-1

[Event "Thessaloniki ol (Men)"]
[Site "Thessaloniki"]
[Date "1988.??.??"]
[Round "4"]
[White "Christiansen, Larry Mark"]
[Black "Mortensen, Erling"]
[Result "0-1"]
[WhiteElo "2550"]
[BlackElo "2470"]

1.d4 d6 2.e4 Nf6 3.Nc3 c6 4.f4 Qa5 5.Bd3 e5 6.Nf3 Bg4 7.fxe5 dxe5 8.dxe5 Nfd7
9.Bf4 Bb4 10.O-O O-O 11.Nd5 cxd5 12.exd5 Be7 13.Kh1 Nc5 14.Be2 Qb4 15.Bg5 Bxg5
16.Nxg5 Bxe2 17.Qxe2 Qh4 18.Qe3 Nbd7 19.e6 Nf6 20.exf7+ Kh8 21.Rae1 b6 22.Nf3 Qh5
23.Ne5 Nxd5 24.Qg3 Rad8 25.c4 Nf6 26.h3 Ncd7 27.Nc6 Ra8 28.Rf4 Qxf7 29.Re7 Qg6
30.Qxg6 hxg6 31.Rd4 Rae8 32.b4 Rxe7 33.Nxe7 Kh7 34.a4 Re8 35.Nc6 a6 36.a5 bxa5
37.Nxa5 Re6 38.c5 Ne5 39.Kg1 Nc6 40.Nxc6 Rxc6 41.Kf2 Re6 42.Kf3 g5 43.Rc4 Rc6
44.Ke3 Kg6 45.Kd4 Kf7 46.Rc3 Ke7 47.Rg3 g4 48.hxg4 Re6 49.g5 Ne8 50.Rh3 Nc7
51.Rf3 Rg6 52.Rf5 Kd7 53.Kc4 Kc6 54.Kb3 Ne6 55.Re5 Nxg5 56.Ka4 Ne6 57.Re3 Nc7
58.g3 Rg4 59.Rb3 Rd4  0-1

[Event "Thessaloniki ol (Men)"]
[Site "Thessaloniki"]
[Date "1988.??.??"]
[Round "5"]
[White "Schuermans, Robert"]
[Black "Hickl, Joerg"]
[Result "1/2-1/2"]
[WhiteElo "2260"]
[BlackElo "2500"]

1.e4 d6 2.d4 Nf6 3.Nc3 c6 4.f4 Qa5 5.Bd3 e5 6.Nf3 Bg4 7.dxe5 dxe5 8.h3 Bxf3
9.Qxf3 exf4 10.Bxf4 Nbd7 11.O-O-O Ne5 12.Bxe5 Qxe5 13.Qf5 Bd6 14.Rhf1 O-O
15.g4 Rae8 16.Ne2 Re7 17.Ng1 b5 18.Nf3 Qxf5 19.exf5 a6 20.Rde1 Rfe8 21.Rxe7 Rxe7
22.Re1 Kf8 23.Rxe7 Kxe7 24.c4 Bf4+ 25.Kc2 Kd6 26.Kc3 Kc5 27.b4+ Kd6 28.Kb3 Kc7  1/2-1/2

[Event "Thessaloniki ol (Men)"]
[Site "Thessaloniki"]
[Date "1988.??.??"]
[Round "8"]
[White "Vogt, Lothar"]
[Black "Lau, Ralf"]
[Result "1-0"]
[WhiteElo "2485"]
[BlackElo "2495"]

1.e4 d6 2.d4 Nf6 3.Nc3 c6 4.a4 g6 5.Nf3 Bg7 6.Be2 O-O 7.O-O a5 8.Be3 Qc7
9.Nd2 d5 10.exd5 Nxd5 11.Nxd5 cxd5 12.Nb1 Nc6 13.Nc3 Nb4 14.Rc1 Bf5 15.Nb5 Qd7
16.c3 Nc6 17.Re1 Rac8 18.Qd2 Rfe8 19.Bh6 Bh8 20.Bf1 Rcd8 21.Rcd1 Bg4 22.f3 Be6
23.Bf4 Rc8 24.Qe3 Red8 25.Rd2 Bf6 26.Rde2 b6 27.Bg5 Bxg5 28.Qxg5 Kg7 29.h4 f6
30.Qe3 Bf7 31.f4 Re8 32.g3 Nd8 33.Kh2 Be6 34.Bg2 Kf8 35.Bf3 Bf5 36.h5 Nf7
37.Kg2 g5 38.Kf2 gxf4 39.Qxf4 Ng5 40.Bg2 Be4 41.Rh1 Kf7 42.Rh4 Rg8 43.g4 Rg7
44.Bxe4 dxe4 45.Qf5 e6 46.Qf4 Ke7 47.Ke3 h6 48.Rh1 Rf7 49.Rf1 Rff8 50.Kd2 e5
51.Qf5 Qd5 52.Kc1 Rcd8 53.Rd1 Qa2 54.Na3 exd4 55.Rxd4 Rxd4 56.cxd4 Qa1+ 57.Kc2 Qg1
58.Nb5 Qg3 59.Rxe4+ Nxe4 60.Qxe4+ Kf7 61.Qh7+ Ke8 62.Nc7+ Kd8 63.Ne6+ Ke8
64.Qe4 Qf2+ 65.Kb3 Rf7 66.Ng7+ Kf8 67.Nf5 Rc7 68.Qa8+ Kf7 69.Qd5+ Ke8 70.Qe6+ Kd8
71.Qxf6+ Kd7 72.Qe7+ Kc6 73.d5+  1-0

[Event "Thessaloniki ol (Men)"]
[Site "Thessaloniki"]
[Date "1988.??.??"]
[Round "11"]
[White "Vogt, Lothar"]
[Black "Mortensen, Erling"]
[Result "0-1"]
[WhiteElo "2485"]
[BlackElo "2470"]

1.e4 d6 2.d4 Nf6 3.Nc3 c6 4.a4 Nbd7 5.g3 e5 6.Nge2 Qc7 7.Bg2 b6 8.O-O Bb7
9.b3 a6 10.h3 b5 11.axb5 axb5 12.Rxa8+ Bxa8 13.d5 Be7 14.dxc6 Bxc6 15.Nd5 Bxd5
16.exd5 O-O 17.Qd3 Rc8 18.c3 Qb7 19.Be3 Nc5 20.Qc2 b4 21.Rc1 Ncd7 22.c4 Bd8
23.Qd2 Nc5 24.Bxc5 Rxc5 25.Ra1 Ra5 26.Rxa5 Bxa5 27.Nc1 Bb6 28.Nd3 e4 29.Nb2 Qa7
30.Nd1 Qa1 31.Kh2 Bc5 32.Qc2 h5 33.Ne3 Qe1 34.Nd1 g6 35.Bh1 Bd4 36.Kg2 Kg7
37.Kh2 Be5 38.Kg2 h4 39.g4 Bd4 40.Kh2 Be5+ 41.Kg2 Bd4 42.Kh2 Nxg4+  0-1

[Event "Tirnavia-B"]
[Site "Trnava"]
[Date "1988.??.??"]
[Round "2"]
[White "Diaz, Joaquin C"]
[Black "Vokac, Marek"]
[Result "0-1"]
[WhiteElo "2485"]
[BlackElo "2410"]

1.e4 d6 2.d4 Nf6 3.Nc3 c6 4.Bd3 e5 5.Nf3 Nbd7 6.O-O Be7 7.a4 a5 8.Ne2 O-O
9.c3 d5 10.Nxe5 dxe4 11.Bc2 Bd6 12.Nc4 Bc7 13.Bf4 Bxf4 14.Nxf4 Qc7 15.g3 Nb6
16.Nd2 Nbd5 17.Ng2 Bf5 18.Qb1 Rfe8 19.Re1 c5 20.Nxe4 Nxe4 21.Bxe4 Rxe4 22.Rxe4 cxd4
23.cxd4 Nf6 24.Re7 Qxe7 25.Qxf5 Qb4 26.Qb5 Qxd4 27.Qxb7 Re8 28.Ne3 g6 29.Qb3 h5
30.Rd1 Qe4 31.Qb6 Kg7 32.Qd4 Qf3 33.Rc1 Re4 34.Qc3 Rxa4 35.Nc4 Qxc3 36.Rxc3 Ne4
37.Rc2 Ng5 38.Kg2 Ne6 39.b3 Ra1 40.Nb6 Nd4 41.Rb2 g5 42.f3 Ra3 43.b4 axb4
44.Rxb4 Ra2+ 45.Kf1 Nxf3 46.h3 Rh2 47.h4 gxh4 48.Rf4 Nd2+  0-1

[Event "USA-ch"]
[Site "?"]
[Date "1988.??.??"]
[Round "?"]
[White "De Firmian, Nick E"]
[Black "Miles, Anthony J"]
[Result "1-0"]
[WhiteElo "2560"]
[BlackElo "2500"]

1.e4 d6 2.d4 Nf6 3.Nc3 c6 4.f4 Qa5 5.Bd3 e5 6.Nf3 Bg4 7.dxe5 dxe5 8.fxe5 Nfd7
9.Bf4 Bb4 10.O-O O-O 11.Nd5 Bc5+ 12.Kh1 Bd4 13.e6 fxe6 14.Bc7 Qa4 15.Ne7+ Kh8
16.Ng5 h5 17.Rxf8+ Nxf8 18.Qf1 Nbd7 19.Qf7 Nf6 20.e5  1-0

[Event "USA-ch"]
[Site "?"]
[Date "1988.??.??"]
[Round "?"]
[White "De Firmian, Nick E"]
[Black "Fedorowicz, John P"]
[Result "1/2-1/2"]
[WhiteElo "2560"]
[BlackElo "2520"]

1.d4 Nf6 2.e4 d6 3.Nc3 c6 4.f4 Qa5 5.Bd3 e5 6.Nf3 Bg4 7.dxe5 dxe5 8.fxe5 Nfd7
9.Bf4 Bb4 10.O-O O-O 11.Nd5 Bc5+  1/2-1/2

[Event "USA-ch"]
[Site "?"]
[Date "1988.??.??"]
[Round "?"]
[White "Fedorowicz, John P"]
[Black "Wilder, Michael"]
[Result "1/2-1/2"]
[WhiteElo "2520"]
[BlackElo "2505"]

1.e4 c6 2.d4 d6 3.Nc3 Nf6 4.f4 Qa5 5.Bd3 e5 6.Nf3 Bg4 7.dxe5 dxe5 8.fxe5 Nfd7
9.Bf4 Bb4 10.O-O O-O 11.Nd5 cxd5 12.exd5 f5  1/2-1/2

[Event "URS-ch otbor56"]
[Site "Uzhgorod"]
[Date "1988.??.??"]
[Round "?"]
[White "Okhotnik, Vladimir"]
[Black "Titov, German"]
[Result "1/2-1/2"]
[WhiteElo "2445"]
[BlackElo "2385"]

1.e4 d6 2.d4 Nf6 3.Nc3 c6 4.Nf3 g6 5.Be2 Bg7 6.O-O O-O 7.a4 Na6 8.Be3 Nc7
9.Nd2 b6 10.b4 Bb7 11.Ra3 Nd7 12.f4 c5 13.bxc5 bxc5 14.d5 f5 15.Nb5 Nf6 16.c4 Nxe4
17.Nxe4 fxe4 18.g4 Nxb5 19.axb5 a6 20.bxa6 Rxa6 21.Rxa6 Bxa6 22.Qc2 Qd7 23.Qxe4 Bc8
24.h3 Qe8 25.h4 Qf7 26.Kh2 e6 27.dxe6 Bxe6 28.Qd3 Re8 29.Bg1 Qe7 30.Bf2 Bf5
31.Qd5+ Kh8 32.Bf3 Be6 33.Qd3 Qf7 34.Qxd6 Bxc4 35.Rb1 Bf8 36.Qd2 Be6 37.Kg3 Qd7
38.Qc3+ Qg7 39.Qa5 Qe7 40.Rb7 Qd6 41.Qa7 Re7 42.Bxc5 Rxb7 43.Qa1+ Bg7 44.Bxd6 Bxa1
45.Bxb7 Bg7 46.Be4 Kg8 47.Be5 Kf7 48.h5 Bxe5 49.fxe5 gxh5 50.g5 Kg7 51.Kh4 Bf7
52.Kg3 h6 53.Kf4 hxg5+ 54.Kxg5 Be6  1/2-1/2

[Event "URS-ch otbor56"]
[Site "Uzhgorod"]
[Date "1988.??.??"]
[Round "?"]
[White "Mikhalchishin, Adrian"]
[Black "Titov, German"]
[Result "1/2-1/2"]
[WhiteElo "2480"]
[BlackElo "2385"]

1.d4 d6 2.e4 Nf6 3.Nc3 c6 4.f4 g6 5.Nf3 Bg7 6.Bd3 O-O 7.O-O Bg4 8.Be3 Qb6
9.Qd2 Bxf3 10.gxf3 Nbd7 11.e5 Nd5 12.Nxd5 cxd5 13.c3 e6 14.Rae1 Qd8 15.Qg2 Re8
16.Bf2 Rb8 17.exd6 Qb6 18.Re2 Qxd6 19.Rfe1 f5 20.Bb5 a6 21.Bxd7 Qxd7 22.h4 Qf7
23.Kh2 h5 24.Be3 Bf6 25.Qg3 Kh7 26.Bd2 b5 27.a3 a5 28.Kh3 Rb6 29.Rd1 Rc6
30.Be1 Rc4 31.Rd3 Qd7 32.Qf2 Be7 33.Qe3 Bd6 34.Bd2 Qc7 35.Kg3 Rc6 36.Qf2 Qb8
37.Qe3 Kg7 38.Be1 Kf7 39.Bd2 Re7 40.Kh3 Qc7 41.Rg2 Re8 42.Qg1 Rg8 43.Qe3 Rb6
44.Re2 Qe7 45.Be1 Rc8 46.Rd1 Qf6 47.Ra1 Rc4 48.Bd2 Be7 49.Be1 Rcc6 50.Rg2 Rb8
51.Bf2 Bd6 52.Be1 Bc7 53.Bd2 Bb6 54.Qe5 Bd8 55.Qe1 Rb7 56.Qg3 Kf8 57.Qf2 Kg8
58.Rag1 Kh7 59.Be1 Rg7 60.Qe2 Rb6 61.Bf2 Rg8 62.Ra1 Be7 63.Be1 Rc8 64.Qe3 Rc4
65.Re2 Rcc6 66.Qd3 Rb7  1/2-1/2

[Event "FRA-ch"]
[Site "Val Thorens"]
[Date "1988.??.??"]
[Round "4"]
[White "Birmingham, Eric"]
[Black "Andruet, Gilles"]
[Result "0-1"]
[WhiteElo "2325"]
[BlackElo "2450"]

1.e4 d6 2.d4 Nf6 3.Nc3 c6 4.Bg5 Qa5 5.Qd2 Nbd7 6.f4 e5 7.Nf3 Be7 8.Bd3 h6
9.Bh4 exd4 10.Nxd4 Nxe4 11.Nxe4 Bxh4+ 12.g3 Qxd2+ 13.Kxd2 Be7 14.Nf5 d5 15.Rae1 dxe4
16.Rxe4 Nc5 17.Rxe7+ Kf8 18.Rc7 Ne6 19.Rxc8+ Rxc8 20.Re1 Rd8 21.Kc1 Nd4 22.Nh4 h5
23.Bc4 Rh6 24.c3 Nb5 25.Nf3 Nc7 26.Ne5 Nd5 27.Rd1 Rhd6 28.Bb3 g6 29.Nc4 R6d7
30.Ne5 Rd6 31.Nc4 Re6 32.Ne5 Ree8 33.Nf3 Nf6 34.Rf1 Nd5 35.Ne5 Kg7 36.Rf2 f6
37.Nf3 c5 38.Ba4 Re4 39.Bc2 Ree8 40.Ba4 Re4 41.Bc2 Ne3 42.Nd2 Re7 43.Re2 Rde8
44.Bd3 Ng4 45.Rxe7+ Rxe7 46.Nf1 Nf2 47.Bc4 g5 48.fxg5 fxg5 49.Kd2 Ne4+ 50.Kd3 Nf2+
51.Kd2 Rd7+ 52.Ke2 Nd1 53.Bb5 Rd8 54.Ba4 Nxb2 55.Bc2 Nc4  0-1

[Event "FRA-ch"]
[Site "Val Thorens"]
[Date "1988.??.??"]
[Round "6"]
[White "Koch, Jean Rene"]
[Black "Andruet, Gilles"]
[Result "1/2-1/2"]
[WhiteElo "2420"]
[BlackElo "2450"]

1.e4 d6 2.d4 Nf6 3.Nc3 c6 4.f4 Qa5 5.Bd3 e5 6.dxe5 dxe5 7.f5 b5 8.Nf3 b4
9.Nb1 Nbd7 10.Nbd2 Ba6  1/2-1/2

[Event "FRA-ch"]
[Site "Val Thorens"]
[Date "1988.??.??"]
[Round "6"]
[White "Birmingham, Eric"]
[Black "Bezsilko, Philippe"]
[Result "1-0"]
[WhiteElo "2325"]
[BlackElo "2230"]

1.e4 d6 2.d4 Nf6 3.Nc3 Nbd7 4.Nf3 e5 5.Bc4 Be7 6.O-O O-O 7.Qe2 c6 8.a4 Qc7
9.Rd1 Nb6 10.Bb3 Bg4 11.h3 Bh5 12.g4 Bg6 13.dxe5 dxe5 14.Nh4 Kh8 15.Nf5 Rad8
16.Bg5 Ng8 17.Nxe7 Nxe7 18.h4 f6 19.Be3 Rxd1+ 20.Rxd1 Bf7 21.Bxf7 Rxf7 22.a5 Nbc8
23.Qc4 Ng6 24.h5 Nf8 25.Bc5 h6 26.Kg2 Kh7 27.a6 bxa6 28.Bxf8 Rxf8 29.Nd5 Qb7
30.Ne3 Nb6 31.Qc5 Qc8 32.Rd6 Na4 33.Qxa7 Qb8 34.Qd7 Nc5 35.Qf5+ Kg8 36.Rxc6 Qa7
37.Nd5  1-0

[Event "Zuerich op"]
[Site "Zuerich"]
[Date "1988.??.??"]
[Round "5"]
[White "Van Riemsdijk, Herman C"]
[Black "Micheli, Carlo"]
[Result "1-0"]
[WhiteElo "2330"]
[BlackElo "2300"]

1.e4 d6 2.d4 Nf6 3.Nc3 c6 4.a4 Qa5 5.Bd2 e5 6.Nf3 Bg4 7.dxe5 dxe5 8.h3 Bxf3
9.Qxf3 Bb4 10.Bc4 O-O 11.O-O Nbd7 12.Bg5 Bxc3 13.bxc3 Qc5 14.Bb3 h6 15.Bc1 Qe7
16.Ba3 Nc5 17.a5 b6 18.Qe3 Nfd7 19.Rfd1 Rfd8 20.Rd2 Qe8 21.Rad1 Nxb3 22.cxb3 c5
23.Qd3 Qe7 24.Qa6 Nf6 25.Rxd8+ Rxd8 26.Rxd8+ Qxd8 27.Qxa7 bxa5 28.Qxc5 Qd1+
29.Kh2 Qxb3 30.Qxa5 Qa2 31.Qc5 Kh7 32.f3 h5 33.Bc1 Qb1 34.Bg5 Nxe4 35.fxe4 Qxe4
36.Qe3 Qf5 37.c4 f6 38.Bh4 g5 39.Bf2 Qc2 40.c5 Kg6 41.Be1  1-0

[Event "Nordic-tt"]
[Site "Aabybro"]
[Date "1989.??.??"]
[Round "?"]
[White "Djurhuus, Rune"]
[Black "Dawidow, Jacek"]
[Result "1/2-1/2"]
[WhiteElo "2415"]
[BlackElo "2320"]

1.e4 d6 2.d4 Nf6 3.Nc3 c6 4.g3 e5 5.Nge2 b5 6.Bg2 Qc7 7.O-O a5 8.f4 Nbd7
9.h3 b4 10.Nb1 Ba6 11.Be3 c5 12.dxe5 dxe5 13.Nd2 Bd6 14.Qe1 O-O  1/2-1/2

[Event "Nordic-tt"]
[Site "Aabybro"]
[Date "1989.??.??"]
[Round "?"]
[White "Stefansson, Hannes"]
[Black "Dawidow, Jacek"]
[Result "1-0"]
[WhiteElo "2470"]
[BlackElo "2320"]

1.e4 d6 2.d4 Nf6 3.Nc3 c6 4.Nf3 Bg4 5.Be2 e6 6.O-O Be7 7.h3 Bh5 8.Be3 O-O
9.Nd2 Bxe2 10.Nxe2 c5 11.f4 Nc6 12.dxc5 d5 13.Ng3 dxe4 14.Ndxe4 Nd5 15.Qd2 f5
16.Nf2 e5 17.Rad1 Nc7 18.Qc3 Qc8 19.Nd3 e4 20.Ne5 Qe6 21.Nh5 Nxe5 22.Qxe5 Qxe5
23.fxe5 Ne6 24.b4 Rad8 25.Rxd8 Bxd8 26.g4 fxg4 27.hxg4 Ng5 28.Rxf8+ Kxf8
29.Kg2 Nf3 30.e6  1-0

[Event "Aarhus-A"]
[Site "Aarhus"]
[Date "1989.??.??"]
[Round "1"]
[White "Rewitz, Poul"]
[Black "Jacobsen, Bo"]
[Result "0-1"]
[WhiteElo "2260"]
[BlackElo "2290"]

1.d4 d6 2.e4 Nf6 3.Nc3 e5 4.dxe5 dxe5 5.Qxd8+ Kxd8 6.Bg5 Be7 7.Bxf6 Bxf6
8.Nd5 Nd7 9.Nf3 Be7 10.O-O-O f6 11.Nh4 g6 12.g3 c6 13.Nxe7 Kxe7 14.Bh3 Nc5
15.Bxc8 Raxc8 16.f3 a5 17.Rhe1 Rcd8 18.Ng2 Ke6 19.Ne3 b5 20.Rxd8 Rxd8 21.Rd1 Rf8
22.Kd2 f5 23.exf5+ gxf5 24.b3 f4 25.gxf4 Rxf4 26.Ke2 e4 27.Rf1 Rh4 28.Rf2 Ke5
29.Nf1 Kd4 30.Ng3 Rf4 31.fxe4 Rxf2+ 32.Kxf2 Nxe4+ 33.Nxe4 Kxe4 34.Ke2 b4
35.Kd2 h5 36.Ke2 h4 37.Kf2 Kd4 38.Kg2 Kc3 39.Kh3 Kxc2 40.Kxh4 Kb2 41.Kg5  0-1

[Event "Aarhus-A"]
[Site "Aarhus"]
[Date "1989.??.??"]
[Round "1"]
[White "Ochsner, Thomas"]
[Black "Hoiberg, Nina"]
[Result "1/2-1/2"]
[WhiteElo "2300"]
[BlackElo "2200"]

1.e4 d6 2.d4 Nf6 3.Nc3 c6 4.f4 Qa5 5.Bd3 e5 6.dxe5 dxe5 7.f5 Nbd7 8.Nf3 Nc5
9.O-O Nxd3 10.cxd3 Bd7 11.d4 exd4 12.Nxd4 O-O-O 13.Nb3 Qb6+ 14.Kh1 Bxf5 15.Qe1 Be6
16.Bg5 h6 17.Bh4 Rd7 18.Rc1 Bb4 19.Bf2 Qa6 20.Bc5 Qc4 21.Bxa7 Bxc3 22.Rxc3 Qa6
23.Bg1 Nxe4 24.Nc5 Nxc5  1/2-1/2

[Event "Aarhus op"]
[Site "Aarhus"]
[Date "1989.??.??"]
[Round "4"]
[White "Crawley, Gavin"]
[Black "Hoiberg, Nina"]
[Result "1-0"]
[WhiteElo "2385"]
[BlackElo "2200"]

1.e4 d6 2.d4 Nf6 3.Nc3 c6 4.Be2 Qa5 5.Qd2 b5 6.Bf3 e5 7.Nge2 b4 8.Nd1 c5
9.O-O Nc6 10.dxc5 dxc5 11.Ne3 Nd4 12.Nxd4 cxd4 13.Nf5 Bxf5 14.exf5 Rc8 15.Re1 Be7
16.Qe2 O-O 17.Qxe5 Qxe5 18.Rxe5 Bd6 19.Re2 Rc5 20.a3 Rfc8 21.axb4 Rxc2 22.Rxc2 Rxc2
23.Bd1 Rc7 24.b5 h6 25.Kf1 Re7 26.Ra4 Bc5 27.Rc4 Bb6 28.Bc2 Re5 29.Bd3 Kh7
30.Rc8 Ba5 31.g3 Re1+ 32.Kg2 Rd1 33.Be2 Re1 34.Rc2 Rxe2 35.Rxe2 d3 36.Re7 d2
37.Bxd2 Bxd2 38.Rxf7 Bb4 39.Rxa7 Bc5 40.Rc7 Bb6 41.Rc6  1-0

[Event "Aarhus-A"]
[Site "Aarhus"]
[Date "1989.??.??"]
[Round "5"]
[White "Rewitz, Poul"]
[Black "Hoiberg, Nina"]
[Result "0-1"]
[WhiteElo "2260"]
[BlackElo "2200"]

1.d4 d6 2.e4 Nf6 3.Nc3 c6 4.g3 Bg4 5.Qd3 e6 6.f3 Bh5 7.Nge2 d5 8.Nf4 Bg6
9.h4 Bd6 10.h5 Bxf4 11.hxg6 Bxg3+ 12.Ke2 fxg6 13.f4 Bxf4 14.Bxf4 Nh5 15.Bd2 O-O
16.e5 c5 17.Bh3 Nc6 18.Nb5 cxd4 19.Nxd4 Nxd4+ 20.Qxd4 Ng3+ 21.Kd3 Qd7 22.Rh2 Rf3+
23.Be3 Qb5+ 24.c4 Qxc4+ 25.Kd2 Ne4+ 26.Ke1 Qa6 27.Bg2 Rf7 28.Bxe4 Rf1+ 29.Kd2 Rxa1
30.Bd3 Qa5+ 31.Qc3 Qa4 32.Bc2 Qg4 33.a3 Rf8 34.Re2 Rc1 35.Qd4 Rxc2+  0-1

[Event "Aarhus op"]
[Site "Aarhus"]
[Date "1989.??.??"]
[Round "8"]
[White "Pilgaard, Kim"]
[Black "Hoiberg, Nina"]
[Result "0-1"]
[WhiteElo "2255"]
[BlackElo "2200"]

1.e4 d6 2.d4 Nf6 3.Nc3 c6 4.g3 Bg4 5.f3 Bh5 6.Bg2 e6 7.Nge2 d5 8.O-O Bg6
9.Be3 Be7 10.Qd2 O-O 11.Nf4 dxe4 12.Nxg6 hxg6 13.Nxe4 Na6 14.Rfd1 c5 15.Nxf6+ Bxf6
16.c3 cxd4 17.Bxd4 Bxd4+ 18.Qxd4 Qc7 19.f4 Rfd8 20.Qf2 Nc5 21.Rac1 Nd3  0-1